Abejas Euglosinas (Hymenoptera: Apidae) de las región neotropica (Registro nro. 15648)

Detalles MARC
000 -CABECERA
Campo de control 004370000a22001330004500
090 ## - CLASIFICACIÓN LOCAL
Colección As
Consecutivo Seriadas
041 0# - IDIOMA
Código de idioma para texto/pista de sonido o título separado
100 1# - ASIENTO PRINCIPAL--NOMBRE PERSONAL
Nombre personal Ramírez, Santiago
245 10 - MENCION DE TITULO
Título Abejas Euglosinas (Hymenoptera: Apidae) de las región neotropica
Version lista de especies con notas sobre su biología
700 1# - ASIENTO SECUNDARIO - NOMBRE PERSONAL
Nombre personal Dresler, Robert L.
700 1# - ASIENTO SECUNDARIO - NOMBRE PERSONAL
Nombre personal Ospina, Mónica
773 1# - Item fuente:
Título Biota Colombiana
Descripción física 1
Paginas del Articulo 7-118
Lugar, editorial y fecha de publicación 2002
Información sobre la relación 3
942 ## - ELEMENTOS ADICIONALES (KOHA)
Tipo de ítem Artículo

No hay ítems disponibles.